MARC

LEADER 00000nam0a2200000 4500
001 274519
005 20231101234733.0
010 |b 5000 экз. 
035 |a (RuTPU)RU\TPU\book\297729 
090 |a 274519 
100 |a 20141106d1944 k y0rusy50 ca 
101 0 |a rus 
102 |a RU 
105 |a a j 001zy 
200 1 |a Атомная физика  |e учебник для вузов  |f Э. В. Шпольский 
210 |a Москва  |a Ленинград  |c Гостехтеоретиздат  |d 1944 
215 |a 676 с.  |c ил. 
300 |a Подписано к печати 20.12.1944 г. 
320 |a Библиогр.: с. 661-664 
320 |a Предметный указатель: с. 665-675 
606 1 |a Атомная физика  |2 stltpush  |3 (RuTPU)RU\TPU\subj\29674  |9 52952 
610 1 |a учебники 
610 1 |a атом 
610 1 |a элементарные частицы 
610 1 |a электроны 
610 1 |a заряд 
610 1 |a масса 
610 1 |a зондирование 
610 1 |a масс-спектрографы 
610 1 |a рентгеновские лучи 
610 1 |a классическая механика 
610 1 |a лагранжевы уравнения 
610 1 |a электромагнитное излучение 
610 1 |a черные тела 
610 1 |a формула Планка 
610 1 |a световые кванты 
610 1 |a волны 
610 1 |a частицы 
610 1 |a квантовая механика 
610 1 |a волновые функции 
610 1 |a линейные операторы 
610 1 |a уравнения 
610 1 |a спектры 
610 1 |a спин 
610 1 |a спин электрона 
610 1 |a возбужденные атомы 
610 1 |a космические лучи 
610 1 |a коллекция: 1941-1945 гг. 
675 |a 539.18(075.8)  |v 3 
700 1 |a Шпольский  |b Э. В. 
801 1 |a RU  |b 63413507  |c 20141106 
801 2 |a RU  |b 63413507  |c 20200420  |g RCR 
942 |c BK